Statistics for Create the Country From The Letter Jumble #3

Click here to take the quiz!

General Stats

  • This quiz has been taken 1,616 times
  • The average score is 11 of 15

Answer Stats

HintAnswer% Correct
kapnistaPakistan
90%
rayragupParaguay
90%
ermaianArmenia
86%
tkabiiirKiribati
80%
treiaerEritrea
79%
bdbaaosrBarbados
77%
aietonsEstonia
74%
ecnliadIceland
71%
aaamriuntiMauritania
69%
thssuoudnaSouth Sudan
68%
aidraubaisaSaudi Arabia
65%
dsahournHonduras
61%
aacoufisthrSouth Africa
60%
cedapreevCape Verde
51%
nlalalarmdissshMarshall Islands
42%

Score Distribution

Percentile by Number Answered

Percent of People with Each Score

Your Score History

You have not taken this quiz